Rusko-turecké vztahy: Od soupeření ke spolupráci v oblasti energetiky

Intenzívny rast ekonomickej spolupráce medzi Ruskom a Tureckom. Dovoz plynu do Turecka plynovodom Modrý prúd. Ekonomické vzťahy a aktivity v oblasti investícií. Vývoz energetických surovín, železa, dreva a chemických výrobkov z Ruska. Turecko ako vývozca produktov textilného priemyslu, spotrebného...

Descrizione completa

Salvato in:
Dettagli Bibliografici
Autore principale: Svoboda, Karel
Natura: Capitolo di libro
Lingua:ceco
Soggetti:
Tags: Aggiungi Tag
Nessun Tag, puoi essere il primo ad aggiungerne!!

MARC

LEADER 00000naa$a2200000$$$4500
001 0044520
005 20231016092511.7
041 0 |a cze 
044 |a CZ 
245 1 0 |a Rusko-turecké vztahy: Od soupeření ke spolupráci v oblasti energetiky  |c Karel Svoboda 
520 |a Intenzívny rast ekonomickej spolupráce medzi Ruskom a Tureckom. Dovoz plynu do Turecka plynovodom Modrý prúd. Ekonomické vzťahy a aktivity v oblasti investícií. Vývoz energetických surovín, železa, dreva a chemických výrobkov z Ruska. Turecko ako vývozca produktov textilného priemyslu, spotrebného tovaru, potravín a strojov. Atraktívna poloha Turecka pre Rusko. Rusko ako zaujímavý trh pre tureckých výrobcov. 
610 2 0 |a energetika 
610 2 0 |a spolupráca medzinárodná 
610 2 0 |a dovoz 
610 2 0 |a vývoz 
610 2 0 |a plyn zemný 
610 2 0 |a suroviny 
610 2 0 |a priemysel textilný 
610 2 0 |a priemysel spotrebný 
610 2 0 |a investície 
610 2 0 |a stavebníctvo 
610 2 0 |a Rusko 
610 2 0 |a Turecko 
100 1 |a Svoboda, Karel